| Tag |
First Indicator |
Second Indicator |
Subfields |
| LEADER |
00000cam a2200000K 4500 |
| 001 |
in00001825713 |
| 005 |
20151026054737.0 |
| 008 |
890523s1971 ru a 000 0 rus d |
| 035 |
|
|
|a (OCoLC)ocm19753762
|
| 040 |
|
|
|a EYW
|c EYW
|d OCL
|d OCLCQ
|d TXA
|d UtOrBLW
|
| 049 |
|
|
|a TXAM
|
| 090 |
|
|
|a PG3476.T45
|b A6 1971
|
| 100 |
1 |
|
|a Tevekeli︠a︡n, V.
|q (Vartkes),
|d 1902-1969.
|
| 245 |
1 |
0 |
|a Izbrannye proizvedenii︠a︡.
|
| 264 |
|
1 |
|a Moskva :
|b "Khudozh. lit.",
|c 1971.
|
| 300 |
|
|
|a 2 volumes :
|b illustrations ;
|c 21 cm.
|
| 336 |
|
|
|a text
|b txt
|2 rdacontent
|
| 337 |
|
|
|a unmediated
|b n
|2 rdamedia
|
| 338 |
|
|
|a volume
|b nc
|2 rdacarrier
|
| 500 |
|
|
|a At head of title: V. Tevekeli︠a︡n.
|
| 505 |
0 |
|
|a v. 1. Zhiznʹ nachinaetsi︠a︡ snova. Granit ne plavitsi︠a︡!--v.2. Reclamnoe bi︠u︡ro gospodina Kocheka. Rasskazy.
|
| 948 |
|
|
|a cataloged
|b h
|c 2004/4/23
|d c
|e spoltoratski
|f 12:12:58 pm
|
| 994 |
|
|
|a E0
|b TXA
|
| 999 |
|
|
|a MARS
|
| 999 |
f |
f |
|s a25019b2-2909-3ea3-9e28-a5ad2ecd59f5
|i 02d24dc0-4526-388d-9fbd-c6018e7b1d16
|t 0
|
| 952 |
f |
f |
|p ric
|a Texas A&M University
|b Rellis Campus
|c Joint Library Facility
|d Remote Storage
|t 0
|e PG3476.T45 A6 1971
|h Library of Congress classification
|i unmediated -- volume
|k t.2
|m A14831169795
|
| 952 |
f |
f |
|p ric
|a Texas A&M University
|b Rellis Campus
|c Joint Library Facility
|d Remote Storage
|t 0
|e PG3476.T45 A6 1971
|h Library of Congress classification
|i unmediated -- volume
|k t.1
|m A14831169834
|
| 998 |
f |
f |
|a PG3476.T45 A6 1971
|s t.1-t.2
|t 0
|l Remote Storage
|